Statistics for Top 25 Transfers - Football Season 2002/03

Click here to take the quiz!

General Stats

  • This quiz has been taken 12 times
  • The average score is 8 of 25

Answer Stats

FromToNatPosFeePlayer% Correct
LeedsManchester UnitedENGCB€46.00mRio Ferdinand
100%
InterReal MadridBRAST€45.00mRonaldo
100%
LazioInterARGST€36.00mHernán Crespo
90%
PSGManchester CityFRAST€15.00mNicolas Anelka
80%
LazioMilanITACB€31.00mAlessandro Nesta
80%
InterMilanNEDCM€22.50mClarence Seedorf
80%
LensLiverpoolSENST€15.00mEl-Hadji Diouf
50%
ParmaInterITACB€23.00mFabio Cannavaro
50%
InterParmaBRAST€14.50mAdriano
20%
RangersSunderlandNORST€11.00mTore André Flo
20%
Hellas VeronaParmaITAST€12.00mAlberto Gilardino
20%
MilanAtlético MadridESPST€13.00mJavi Moreno
10%
Real ZaragozaLa CoruñaPARCM€11.00mRoberto Acuña
10%
MilanInterITALB€22.50mFrancesco Coco
10%
MallorcaLa CoruñaESPLW€15.00mAlbert Luque
10%
LeedsNewcastleENGCB€13.50mJonathan Woodgate
10%
PortoLa CoruñaPORCB€13.00mJorge Andrade
10%
ParmaJuventusITAST€21.00mMarco Di Vaio
10%
EmpoliMiddlesbroughITAST€12.38mMassimo Maccarone
10%
ParmaMilanDENCB€11.00mMartin Laursen
0%
ParmaInterARGCDM€22.10mMatías Almeyda
0%
InterLazioITAST€12.00mBernardo Corradi
0%
SportingNewcastlePORCM€12.75mHugo Viana
0%
PerugiaJuventusITACM€17.70mManuele Blasi
0%
CD TenerifePSGBRACAM€11.00mAndré Luiz
0%

Score Distribution

Percentile by Number Answered

Percent of People with Each Score

Your Score History

You have not taken this quiz